[Event "Unterfranken-ch HB 48th"]
[Site "Bergrheinfeld"]
[Date "1997.??.??"]
[Round "6"]
[White "Kriester, Roland"]
[Black "Gaul, Bernhard"]
[Result "0-1"]
[WhiteElo "1428"]
[BlackElo "1468"]
[PlyCount "120"]
[EventDate "1997.03.31"]
[EventType "swiss"]
[EventRounds "9"]
[EventCountry "GER"]
[SourceTitle "EXT 2015"]
[Source "ChessBase"]
[SourceDate "2014.11.20"]
[SourceVersion "1"]
[SourceVersionDate "2014.11.20"]
[SourceQuality "1"]

1. d4 d5 2. c4 Nf6 3. Nc3 e6 4. Nf3 c5 5. Bg5 Be7 6. e3 cxd4 7. exd4 Nc6 8. Be3 0-0 9. c5 b6 10. Bb5 Bb7 11. Bxc6 Bxc6 12. Ne5 Qc7 13. b4 Nd7 14. Nxc6 Qxc6 15. b5 Qc7 16. c6 Nf6 17. 0-0 Bd6 18. f4 a6 19. a4 axb5 20. axb5 Bb4 21. Qb3 Bxc3 22. Qxc3 Ne4 23. Qb4 Qd6 24. Qb2 Rfc8 25. Rfc1 f5 26. Ra2 Rxa2 27. Qxa2 Qb8 28. Qa6 Nd6 29. Ra1 Rc7 30. Qa4 Nc8 31. Qb3 Ra7 32. Rc1 Qc7 33. g3 Nd6 34. Bd2 Nc4 35. Bb4 h6 36. Re1 Qf7 37. h4 Qf6 38. Rd1 g5 39. hxg5 hxg5 40. Qf3 g4 41. Qe2 Kf7 42. Bc3 Qh6 43. Re1 Nd6 44. Qh2 Qxh2+ 45. Kxh2 Nxb5 46. Bb2 Rc7 47. Rc1 Na7 48. Ba3 Rxc6 49. Rxc6 Nxc6 50. Bb2 Na5 51. Kg2 Nc4 52. Bc3 Ke7 53. Kf2 Kd7 54. Ke2 Kc6 55. Kd3 Kb5 56. Be1 Ka4 57. Kc2 Ne3+ 58. Kb2 Kb5 59. Kc3 Ka5 60. Kb3+ Kb5 0-1

[Event "Unterfranken-ch HB 48th"]
[Site "Bergrheinfeld"]
[Date "1997.??.??"]
[Round "9"]
[White "Mauder, Maximilian"]
[Black "Kriester, Roland"]
[Result "0-1"]
[WhiteElo "1223"]
[BlackElo "1428"]
[PlyCount "68"]
[EventDate "1997.03.31"]
[EventType "swiss"]
[EventRounds "9"]
[EventCountry "GER"]
[SourceTitle "EXT 2015"]
[Source "ChessBase"]
[SourceDate "2014.11.20"]
[SourceVersion "1"]
[SourceVersionDate "2014.11.20"]
[SourceQuality "1"]

1. Nf3 g6 2. c4 c5 3. Nc3 Nc6 4. a3 Bg7 5. g3 Nf6 6. Bg2 e6 7. d3 d5 8. Bg5 h6 9. Bd2 Qb6 10. Qc1 Qb3 11. Rb1 dxc4 12. dxc4 Qxc4 13. Nd1 Qxc1 14. Rxc1 Nd7 15. Bc3 e5 16. Ne3 Ne7 17. Bh3 f5 18. Nd2 b5 19. Bg2 Rb8 20. Nd5 Bb7 21. Nc7+ Kf7 22. Bxb7 Rxb7 23. Ba5 Nc6 24. b4 Nxa5 25. bxa5 Rxc7 26. f3 f4 27. g4 Nf6 28. Ne4 Nxe4 29. fxe4 Rd8 30. Kf2 c4 31. e3 Rcd7 32. Ke2 Rd2+ 33. Kf3 fxe3 34. Kxe3 R8d3# 0-1